Every Scottish Football Pyramid Team - Statistics

General Stats
  • This quiz has been taken 92 times
    52 since last reset
  • The average score is 125 of 292
Answer Stats
Answer % Correct
Aberdeen
100%
Celtic B
100%
Rangers
100%
Celtic
90%
Dundee
90%
Dundee United
90%
Falkirk
90%
Heart of Midlothian
90%
Heart of Midlothian B
90%
Kilmarnock
90%
St. Johnstone
90%
Arbroath
80%
Dunfermline
80%
Hibernian
80%
Montrose
80%
Motherwell
80%
Partick Thistle
80%
St. Mirren
80%
Airdrieonians
70%
Albion Rovers
70%
Alloa Athletic
70%
Annan Athletic
70%
Brechin City
70%
Clyde
70%
Clydebank
70%
East Fife
70%
East Kilbride
70%
Edinburgh City
70%
Forfar Athletic
70%
Greenock Morton
70%
Gretna 2008
70%
Hamilton Academical
70%
Inverness Caledonian Thistle
70%
Kelty Hearts
70%
Livingston
70%
Queen Of The South
70%
Queen's Park
70%
Raith Rovers
70%
Ross County
70%
The Spartans
70%
Ayr United
60%
Berwick Rangers
60%
Caledonian Braves
60%
Dumbarton
60%
East Stirlingshire
60%
Stenhousemuir
60%
Stranraer
60%
Stranraer II
60%
Auchinleck Talbot
50%
Banks O' Dee
50%
Banks O' Dee Reserves
50%
Bo'ness Athletic
50%
Bo'ness United
50%
Bonnyrigg Rose
50%
Brora Rangers
50%
Broxburn Athletic
50%
Buckie Thistle
50%
Civil Service Strollers
50%
Clachnacuddin
50%
Clachnacuddin Reserves
50%
Cove Rangers
50%
Cowdenbeath
50%
Cumbernauld Colts
50%
Dalbeattie Star
50%
Deveronvale
50%
Dunbar United
50%
Dunipace
50%
Elgin City
50%
Formartine United
50%
Fort William
50%
Fraserburgh
50%
Gala Fairydean Rovers
50%
Gartcairn
50%
Glenrothes
50%
Huntly
50%
Invergordon
50%
Inverness Thistle
50%
Jeanfield Swifts
50%
Johnstone Burgh
50%
Keith
50%
Kilwinning Rangers
50%
Largs Thistle
50%
Linlithgow Rose
50%
Lossiemouth
50%
Nairn County
50%
Orkney
50%
Peterhead
50%
Pollok
50%
St. Cadocs
50%
St. Duthus
50%
Stirling Albion
50%
Strathspey Thistle
50%
Tranent
50%
Troon
50%
Turriff United
50%
Vale of Leven
50%
Whitburn
50%
Abbey Vale
40%
Ardeer Thistle
40%
Ardrossan Winton Rovers
40%
Armadale Thistle
40%
Arniston Rangers
40%
Arthurlie
40%
Beith Juniors
40%
Bellshill Athletic
40%
Blackburn United
40%
Bonar Bridge
40%
Bonnyton Thistle
40%
Bridge of Don Thistle
40%
BSC Glasgow
40%
Burghead Thistle
40%
Burntisland Shipyard
40%
Carluke Rovers
40%
Creetown
40%
Cumbernauld United
40%
Cumnock Juniors
40%
Darvel
40%
Deveronside
40%
Drumchapel United
40%
Dufftown
40%
Dundonald Bluebell
40%
East Kilbride Thistle
40%
East Kilbride YM
40%
Edinburgh College
40%
Edinburgh Community
40%
Edinburgh South
40%
Edinburgh United
40%
Edinburgh University
40%
Eglinton
40%
Finnart
40%
Forth Wanderers
40%
Fraserburgh United
40%
Giffnock
40%
Girvan
40%
Glasgow Perthshire
40%
Glasgow United
40%
Glasgow University
40%
Glenafton Athletic
40%
Glenvale
40%
Greenock Juniors
40%
Halkirk United
40%
Hawick Royal Albert
40%
Heriot-Watt University
40%
Hermes
40%
Hutchison Vale
40%
Irvine Victoria
40%
Islavale
40%
Kello Rovers
40%
Kilsyth Athletic
40%
Kilsyth Rangers
40%
Kirkintilloch Rob Roy
40%
Knightswood
40%
Lanark United
40%
Linton Hotspur
40%
Livingston United
40%
Lochar Thistle
40%
Lochgelly Albert
40%
Lochmaben
40%
Lossiemouth United
40%
Lugar Boswell Thistle
40%
Maryhill
40%
Maud
40%
Maybole Juniors
40%
Mid-Annandale
40%
Nairn St. Ninian
40%
Neilston
40%
Newburgh
40%
Newtongrange Star
40%
Newton Stewart
40%
Oakley United
40%
Ormiston Primrose
40%
Port Glasgow
40%
Preston Athletic
40%
Renfrew
40%
Rossvale
40%
Royal Albert
40%
Rutherglen Glencairn
40%
Saltcoats Victoria
40%
Shotts Bon Accord
40%
St. Andrews United
40%
St. Anthony's
40%
Stirling University Reserves
40%
Stonehaven
40%
Stoneyburn
40%
St. Peter's
40%
St. Roch's
40%
Thorn Athletic
40%
Threave Rovers
40%
Thurso
40%
Tynecastle
40%
University of Stirling
40%
Vale of Clyde
40%
Vale of Leithen
40%
West Calder United
40%
West Park United
40%
Whitletts Victoria
40%
Wick Academy
40%
Wishaw
40%
Yoker Athletic
40%
Alness United
30%
Arbroath Victoria
30%
Ashfield
30%
Bathgate Thistle
30%
Benburb
30%
Blairgowrie
30%
Blantyre Victoria
30%
Brechin Victoria
30%
Broughty Athletic
30%
Buchanhaven Hearts
30%
Caledonian Locomotives
30%
Cambuslang Rangers
30%
Campbeltown Pupils
30%
Carnoustie Panmure
30%
Coldstream
30%
Colony Park
30%
Coupar Angus
30%
Cowdenbeath Central
30%
Craigmark Burntonians
30%
Crossgates Primrose
30%
Dalkeith Thistle
30%
Dalry Thistle
30%
Dundee North End
30%
Dundee St. James
30%
Dundee Violet
30%
Easterhouse
30%
Easthouses Lily Miners Welfare
30%
Fauldhouse United
30%
Forfar United
30%
Forfar West End
30%
Forres Mechanics
30%
Golspie Sutherland
30%
Haddington Athletic
30%
Hurlford United
30%
Inverness Athletic
30%
Inverurie Loco Works
30%
Irvine Meadow XI
30%
Kilbirnie Ladeside
30%
Kirkcaldy & Dysart
30%
Larkhall Thistle
30%
Leith Athletic
30%
Lochore Welfare
30%
Longside
30%
Luncarty
30%
Montrose Roselea
30%
Muirkirk Juniors
30%
Musselburgh Athletic
30%
New Elgin
30%
Petershill
30%
Pumpherston
30%
Rothes
30%
Scone Thistle
30%
Stoneywood Parkvale
30%
Sunnybank
30%
Tayport
30%
Thorniewood United
30%
Thornton Hibs
30%
Tweedmouth Rangers
30%
Whitehill Welfare
30%
Wigtown & Bladnoch
30%
Banchory St. Ternan
20%
Camelon Juniors
20%
Cruden Bay
20%
Culter
20%
Dyce
20%
Ellon United
20%
Forres Thistle
20%
Glentanar
20%
Hall Russell United
20%
Harthill Royal
20%
Inverkeithing Hillfield Swifts
20%
Kennoway Star Hearts
20%
Kinoull
20%
Lesmahagow Juniors
20%
Letham
20%
Lochee Harp
20%
Lochee United
20%
Newmains United
20%
Nithsdale Wanderers
20%
Penicuik Athletic
20%
Rothie Rovers
20%
Sauchie Juniors
20%
St. Cuthbert Wanderers
20%
Westdyke
20%
Whitehills
20%
Aberdeen East End
10%
Downfield
10%
East Craigie
10%
Hill of Beath Hawthorn
10%
Kirriemuir Thistle
10%
Newmachar United
10%
Peebles Rovers
10%
Rosyth
10%
No matching quizzes found
Score Distribution
Percent of People with Each Score
Percentile by Number Answered
Your Score History
You have not taken this quiz since the last reset